000 00577cam a22001571 4500
082 _a940.4
_bDIC
_cD
100 1 _aDickson, William Edmund Ritchie,
_949522
245 1 0 _aEast Persia,
_ba backwater of the great war,
_cby Brig.-General W. E. R. Dickson.
260 _aLondon,
_bE. Arnold & co.,
_c1924.
300 _aviii, 279 p.
_bfront., plates, ports., fold. map.
_c23 cm.
526 _a0
_b0
_c0
_d940_400000000000000_DIC
650 0 _aMCE
_9379
650 0 _aWorld War, 1914-1918
_zIran.
_949523
856 4 1 _uhttp://www.loc.gov/catdir/toc/fy0716/24014386.html
942 _2ddc
_cBK
999 _c552457
_d552457